000 01183namaa22002891i 4500
003 EG-GICUC
005 20260416105543.0
008 260416s1991 le ||||jr||d| 001 0 ara d
040 _aEG-GiCUC
_bara
_cEG-GiCUC
_dEG-GiCUC
_erda
082 0 4 _221
_a415.103
_bF223 1991
092 0 4 _221
_a415.103
_bF223 1991
099 _a415.103 F223 1991
100 1 _aابن فارس القزوينى، احمد،
_d10اشتهر ق
_eمؤلف.
245 1 0 _aمعجم مقاييس اللغة /
_cلابى الحسين احمد بن فارس بن زكريا ؛ تحقيق و ضبط عبد السلام محمد هارون.
264 _aبيروت :
_bدار الجيل،
_c1991.
300 _a6 مجلدات
_b؛
_c24 سم
336 _2rdacontent
_atext
337 _2rdamedia
_aUnmediated
338 _2rdacarrier
_avolume
504 _aيشتمل على ارجاعات الببليوجرافية وفهارس
541 _aد . جابر عصفور ؛
_bالقاهرة ؛
_cإهداء ؛
_d2024.
650 1 7 _aاللغة العربية
_vمعاجم
_2qrmak
651 1 _2qrmak
700 1 _aهارون، عبد السلام محمد.
_eمحقق.
905 _aNoha
942 _2ddc
_cREF
_e21
_n0
999 _c179518
_d179518